| 000 | 00000nam##2200000za#4500 |
| 001 | 9.571036 |
| 003 | CaOODSP |
| 005 | 20210624182528 |
| 007 | cr ||||||||||| |
| 008 | 150406|2008||||xxc|||||o f|0| 0 eng|d |
| 040 | |aCaOODSP|beng |
| 043 | |an-cn--- |
| 086 | 1 |aYC17-0/392-16E-PDF |
| 110 | 1 |aCanada. |bParliament. |bSenate. |bStanding Committee on Social Affairs, Science and Technology. |
| 245 | 10|aMobilizing science and technology to Canada's advantage / |h[electronic resource]|cThe Honourable Art Eggleton, P.C., chair ; the Honourable Wilbert J. Keon, deputy chair. |
| 246 | 3 |aSixteenth report of the Standing Senate Committee on Social Affairs, Science and Technology |
| 260 | |aOttawa - Ontario : |bSenate. |cApril 2008. |
| 300 | |a20p.|breferences, table |
| 490 | 1 |aReport of the Standing Senate Committee on Social Affairs, Science and Technology|v39th Parliament, 2nd Session, 16th report |
| 590 | |a11-12-Supp|b2011-07-29 |
| 775 | 08|tRéaliser le potentiel des sciences et de la technologie au profit du Canada / |w(CaOODSP)9.601679 |
| 830 | #0|aReport of the Standing Senate Committee on Social Affairs, Science and Technology ;|v39th Parliament, 2nd Session, 16th report|w(CaOODSP)9.505256 |
| 856 | 40|ahttp://publications.gc.ca|qPDF|s137 KB|uhttps://publications.gc.ca/collections/collection_2011/sen/yc17-0/YC17-0-392-16-eng.pdf|y39th Parliament, 2nd Session, 16th report |